History Quiz

Random History or Politics Quiz

Presidents of Ireland Quiz Stats

 Plays Quiz Updated Mar 23, 2020

Support Sporcle.
Go Orange.
Score 0/9 Timer 03:00
5 Plays Today
Year President % Correct
1990-97Mary Robinson
82.5%
1959-73Éamon de Valera
80.7%
1997-2011Mary McAleese
73.8%
1938-45Douglas Hyde
60.5%
2011-Michael D. Higgins
57.3%
1973-74Erskine Childers
42.7%
1976-90Patrick Hillery
38.8%
1945-59Seán T. O'Kelly
30.8%
1974-76Cearbhall Ó Dálaigh
28.4%

From the Vault

Movie Quote by Movie Titles

by MSUKent

Movies 90s
Quiet on the set...ACTION!
Remove Ads.
Support Sporcle.
Get the best of Sporcle when you Go Orange. This ad-free experience offers more features, more stats, and more fun while also helping to support Sporcle. Thank you for becoming a member.

Show Comments

Extras

Top Quizzes Today


Score Distribution

Your Account Isn't Verified!

In order to create a playlist on Sporcle, you need to verify the email address you used during registration. Go to your Sporcle Settings to finish the process.

Report this User

Report this user for behavior that violates our Community Guidelines.

Details: